[Event "2. AUT Bundesliga 2020-21"]
[Site "Graz"]
[Date "2021.03.13"]
[Round "2.11"]
[White "Bresch, Manfred"]
[Black "Borhy, Marcell"]
[Result "0-1"]
[WhiteElo "2008"]
[BlackElo "2392"]
[Annotator "NA"]
[PlyCount "87"]
[EventDate "2021.01.17"]
[EventType "team-tourn"]
[EventCountry "AUT"]
[SourceTitle "playchess.com"]
[Source "ChessBase"]
[SourceQuality "1"]
[TimeControl "40/5400+30:1800+30"]

1. e4 {[%emt 0:00:00]} c5 {[%emt 0:00:06]} 2. Nf3 {[%emt 0:00:00]} b6 {[%emt 0:00:08]} 3. Bc4 {[%emt 0:01:25]} Bb7 {[%emt 0:00:44]} 4. d3 {[%emt 0:01:37]} e6 {[%emt 0:01:00]} 5. O-O {[%emt 0:01:35]} Nf6 {[%emt 0:02:58]} 6. Bg5 {[%emt 0:01:55]} d6 {[%emt 0:01:32]} 7. Nc3 {[%emt 0:02:09]} Be7 {[%emt 0:00:29]} 8. Qe2 {[%emt 0:08:11]} O-O {[%emt 0:05:31]} 9. Rae1 {[%emt 0:07:03]} Nc6 {[%emt 0:03:08]} 10. a3 $1 {[%emt 0:04:18]} a6 {[%emt 0:03:08]} 11. Bd2 {[%emt 0:03:31]} Re8 {[%emt 0:04:28]} 12. Ba2 {[%emt 0:02:33]} Qc7 {[%emt 0:01:16]} 13. Ng5 {[%emt 0:02:21]} h6 {[%emt 0:03:12]} 14. Nh3 {[%emt 0:00:59]} b5 {[%emt 0:02:35]} 15. f4 {[%emt 0:03:22]} b4 {[%emt 0:02:26]} 16. Nb1 {[%emt 0:00:22]} Qb6 {[%emt 0:01:24]} 17. Be3 {[%emt 0:08:15]} d5 {[%emt 0:06:30]} 18. e5 {[%emt 0:02:30]} Nd7 {[%emt 0:00:19]} 19. Nd2 {[%emt 0:06:01]} Qa5 {[%emt 0:19:51]} 20. Bb3 {[%emt 0:01:37]} bxa3 {[%emt 0:05:12]} 21. bxa3 {[%emt 0:00:06]} c4 {[%emt 0:04:52]} 22. dxc4 {[%emt 0:00:48]} d4 {[%emt 0:00:10]} 23. Bf2 {[%emt 0:00:36]} Bxa3 {[%emt 0:10:28]} ({Much weaker is} 23... Qxa3 $6 24. Ra1 $14) ({Better is} 23... Nc5 $15) 24. Ra1 {[%emt 0:04:08]} Qc5 {[%emt 0:03:05]} 25. Ne4 {[%emt 0:07:54]} Qe7 {[%emt 0:00:46]} 26. Rfd1 $14 {[%emt 0:01:33]} Red8 {[%emt 0:02:47]} 27. Rd3 {[%emt 0:05:04]} Nc5 {[%emt 0:01:06]} 28. Nxc5 {[%emt 0:00:44]} Bxc5 {[%emt 0:00:11]} 29. Qg4 {[%emt 0:00:13]} Qf8 {[%emt 0:01:15]} 30. Bh4 {[%emt 0:00:26]} Ne7 {[%emt 0:01:57]} 31. Kh1 Rd7 {[%emt 0:01:06]} 32. Rad1 {[%emt 0:08:49]} Nf5 {[%emt 0:00:35]} 33. Bf2 {[%emt 0:01:06]} Rc7 {[%emt 0:02:08]} 34. Ng1 {[%emt 0:02:17]} Qe8 {[%emt 0:03:16]} 35. Ne2 {[%emt 0:01:06]} Be4 {[%emt 0:01:59]} 36. Rh3 {[%emt 0:00:57]} Ne3 {[%emt 0:01:32]} 37. Bxe3 {[%emt 0:00:05]} Bf5 {[%emt 0:00:06]} 38. Qf3 {[%emt 0:02:24]} Bxh3 {[%emt 0:01:18]} 39. Bxd4 {[%emt 0:01:59]} Bf5 {[%emt 0:01:03]} 40. Bc3 {[%emt 0:00:00]} a5 {[%emt 0:00:00]} 41. Ba4 {[%emt 0:07:17]} Rd8 {[%emt 0:04:22]} 42. Rxd8 {[%emt 0:03:12]} Qxd8 {[%emt 0:00:04]} 43. Ng3 {[%emt 0:00:05]} Rb7 {[%emt 0:01:37]} 44. Qf1 {[%emt 0:05:29]} 0-1

[Event "2. AUT Bundesliga 2020-21"]
[Site "Graz"]
[Date "2021.03.13"]
[Round "2.12"]
[White "Steiner, Peter"]
[Black "Tusha, John"]
[Result "1-0"]
[WhiteElo "1968"]
[BlackElo "1783"]
[Annotator "NA"]
[PlyCount "53"]
[EventDate "2021.01.17"]
[EventType "team-tourn"]
[EventCountry "AUT"]
[SourceTitle "playchess.com"]
[Source "ChessBase"]
[SourceQuality "1"]
[TimeControl "40/5400+30:1800+30"]

1. e4 {[%emt 0:00:00]} e5 {[%emt 0:00:00]} 2. Nf3 {[%emt 0:00:00]} Nc6 {[%emt 0:00:00]} 3. Bc4 {[%emt 0:00:54]} Nf6 {[%emt 0:00:00]} 4. d3 {[%emt 0:00:40]} Bc5 {[%emt 0:00:29]} 5. O-O {[%emt 0:00:43]} d6 {[%emt 0:02:25]} 6. c3 {[%emt 0:00:22]} a5 {[%emt 0:02:40]} 7. a4 {[%emt 0:03:07]} h6 {[%emt 0:02:31]} 8. Nbd2 {[%emt 0:05:48]} g5 {[%emt 0:03:15]} 9. Nb3 {[%emt 0:02:09]} Ba7 {[%emt 0:02:20]} 10. Be3 {[%emt 0:02:49]} Bg4 {[%emt 0:03:52]} 11. Re1 {[%emt 0:12:24]} Ne7 {[%emt 0:09:54]} (11... Bxe3 $14 12. fxe3 O-O) 12. Nbd2 {[%emt 0:04:55]} (12. d4 $16 Nxe4 13. dxe5 (13. Nxa5 d5 $14) 13... Bxe3 14. Rxe3) 12... Bh5 {[%emt 0:11:03]} (12... Bxe3 $14 13. fxe3 O-O) 13. Qb3 {[%emt 0:09:50]} (13. Bxa7 $16 Rxa7 14. h3) 13... Qc8 $16 {[%emt 0:02:12]} (13... O-O $14) 14. Bxa7 {[%emt 0:04:43]} Rxa7 {[%emt 0:00:32]} 15. d4 {[%emt 0:01:02]} exd4 {[%emt 0:16:06]} 16. cxd4 {[%emt 0:02:46]} O-O {[%emt 0:09:32]} 17. e5 {[%emt 0:01:26]} dxe5 {[%emt 0:01:42]} 18. dxe5 {[%emt 0:00:02]} Nh7 {[%emt 0:01:26]} 19. Ne4 {[%emt 0:18:02]} Bxf3 {[%emt 0:09:27]} 20. Qxf3 {[%emt 0:00:14]} Qf5 {[%emt 0:00:51]} 21. Qc3 {[%emt 0:05:35]} Raa8 {[%emt 0:02:40]} 22. Rad1 {[%emt 0:00:18]} b6 {[%emt 0:00:34]} 23. Ng3 {[%emt 0:03:49]} Qg4 {[%emt 0:07:51]} 24. Rd4 {[%emt 0:00:46]} Qc8 {[%emt 0:00:44]} 25. e6 {[%emt 0:02:51]} f5 {[%emt 0:01:42]} 26. Rd7 {[%emt 0:00:14]} Re8 {[%emt 0:01:09]} 27. Nh5 {[%emt 0:00:15]} 1-0

[Event "2. AUT Bundesliga 2020-21"]
[Site "Graz"]
[Date "2021.03.13"]
[Round "2.13"]
[White "Gelbenegger, Patrick"]
[Black "Kuba, Guenter"]
[Result "1/2-1/2"]
[WhiteElo "2248"]
[BlackElo "2348"]
[Annotator "ChessBase"]
[PlyCount "62"]
[EventDate "2021.01.17"]
[EventType "team-tourn"]
[EventCountry "AUT"]
[SourceTitle "playchess.com"]
[Source "ChessBase"]
[SourceQuality "1"]
[TimeControl "40/5400+30:1800+30"]

1. e4 {[%emt 0:00:00]} e5 {[%emt 0:00:00]} 2. Nf3 {[%emt 0:00:00]} Nc6 {[%emt 0:00:00]} 3. Bc4 {[%emt 0:00:00]} Bc5 {[%emt 0:00:00]} 4. c3 {[%emt 0:00:00]} Nf6 {[%emt 0:00:00]} 5. d3 {[%emt 0:00:00]} a6 {[%emt 0:00:17]} 6. Bb3 {[%emt 0:00:06]} Ba7 {[%emt 0:00:24]} 7. O-O {[%emt 0:00:53]} d6 {[%emt 0:00:36]} 8. Nbd2 {[%emt 0:00:18]} O-O {[%emt 0:02:41]} 9. h3 {[%emt 0:02:33]} h6 {[%emt 0:02:22]} 10. Re1 {[%emt 0:00:15]} Be6 {[%emt 0:01:57]} 11. Bc2 {[%emt 0:00:16]} Re8 {[%emt 0:02:37]} 12. Nf1 {[%emt 0:00:24]} d5 {[%emt 0:08:33]} 13. exd5 {[%emt 0:01:37]} Qxd5 {[%emt 0:06:30]} 14. Ng3 {[%emt 0:02:53]} Rad8 {[%emt 0:01:34]} 15. Be3 {[%emt 0:02:01]} Bxe3 {[%emt 0:10:05]} 16. Rxe3 {[%emt 0:00:12]} Qb5 {[%emt 0:00:50]} 17. Ba4 {[%emt 0:31:48]} Qxb2 {[%emt 0:03:56]} 18. Nxe5 {[%emt 0:03:35]} Qxc3 {[%emt 0:06:15]} 19. Nxc6 {[%emt 0:03:30]} bxc6 {[%emt 0:01:58]} 20. Rc1 {[%emt 0:04:48]} Qa3 {[%emt 0:04:03]} 21. Bxc6 {[%emt 0:04:51]} Rf8 {[%emt 0:06:56]} 22. Qc2 {[%emt 0:04:16]} Qxa2 {[%emt 0:15:04]} 23. Qxa2 {[%emt 0:03:58]} Bxa2 {[%emt 0:00:23]} 24. Ra1 {[%emt 0:00:10]} Bd5 {[%emt 0:00:32]} 25. Rxa6 {[%emt 0:00:55]} Bxc6 {[%emt 0:01:02]} 26. Rxc6 {[%emt 0:00:09]} Nd5 {[%emt 0:00:28]} 27. Re5 {[%emt 0:03:17]} g6 {[%emt 0:03:12]} 28. Ne4 {[%emt 0:02:52]} Kg7 {[%emt 0:01:48]} 29. Rc5 {[%emt 0:01:23]} Nf6 {[%emt 0:04:25]} 30. Rxc7 {[%emt 0:02:49]} Rxd3 {[%emt 0:00:12]} 31. Nxf6 {[%emt 0:02:27]} Kxf6 {[%emt 0:00:15]} 1/2-1/2

[Event "2. AUT Bundesliga 2020-21"]
[Site "Graz"]
[Date "2021.03.13"]
[Round "2.14"]
[White "Csonka, Attila Istvan"]
[Black "Breneis, Lukas"]
[Result "1-0"]
[WhiteElo "2362"]
[BlackElo "2252"]
[Annotator "NA"]
[PlyCount "129"]
[EventDate "2021.01.17"]
[EventType "team-tourn"]
[EventCountry "AUT"]
[SourceTitle "playchess.com"]
[Source "ChessBase"]
[SourceQuality "1"]
[TimeControl "40/5400+30:1800+30"]

1. e4 {[%emt 0:00:00]} d6 {[%emt 0:00:00]} 2. d4 {[%emt 0:00:00]} Nf6 {[%emt 0:00:07]} 3. Nc3 {[%emt 0:00:00]} c6 {[%emt 0:00:36]} 4. a4 {[%emt 0:01:11]} e5 {[%emt 0:02:48]} 5. Nf3 {[%emt 0:00:24]} Nbd7 {[%emt 0:06:31]} 6. Bc4 {[%emt 0:01:43]} Be7 {[%emt 0:01:22]} 7. O-O {[%emt 0:00:58]} O-O {[%emt 0:00:10]} 8. Re1 {[%emt 0:00:24]} Qc7 {[%emt 0:23:28] 8...h6 is a critical line.} 9. Ba2 {[%emt 0:02:03]} Rb8 {[%emt 0:02:27]} 10. Qd3 {[%emt 0:04:04]} b6 {[%emt 0:08:02]} 11. Bg5 {[%emt 0:05:53]} a6 {[%emt 0:08:11] [#]} 12. d5 $146 {[%emt 0:04:28]} ({Predecessor:} 12. Rad1 b5 13. axb5 axb5 14. dxe5 dxe5 15. h3 Nc5 16. Qe3 Ne6 17. Bxe6 Bxe6 18. Bh4 {1-0 (40) Crespo,E (2174)-Paolini,C (1937) Trelew 2018}) 12... cxd5 {[%emt 0:04:26]} 13. Bxd5 {[%emt 0:03:52]} Nc5 {[%emt 0:05:03]} 14. Qe2 {[%emt 0:01:45]} Be6 {[%emt 0:01:55]} 15. Bxf6 {[%emt 0:03:34]} Bxf6 {[%emt 0:00:15]} 16. Red1 {[%emt 0:02:43]} Rfc8 {[%emt 0:05:36]} 17. Ra3 {[%emt 0:01:40]} Qa7 {[%emt 0:05:14]} 18. Qe3 {[%emt 0:06:07]} Qc7 {[%emt 0:06:00]} 19. Qe2 {[%emt 0:05:24]} Qa7 {[%emt 0:00:01]} 20. Nd2 {[%emt 0:02:53]} Be7 {[%emt 0:01:32]} 21. Nc4 {[%emt 0:02:21]} Qc7 {[%emt 0:04:20]} 22. Ne3 {[%emt 0:00:50]} Qa7 {[%emt 0:00:50]} 23. Nf5 {[%emt 0:02:54]} Bxf5 {[%emt 0:01:20]} (23... Bf8 $16 {might work better.}) 24. exf5 {[%emt 0:00:06]} Nd7 {[%emt 0:03:04]} 25. Ne4 {[%emt 0:06:28]} (25. Qh5 $18 {has better winning chances.} Nf6 26. Qxf7+ Kh8 27. Ne4) 25... Nf6 {[%emt 0:00:36]} 26. Rad3 $16 {[%emt 0:08:47]} b5 {[%emt 0:04:09]} 27. axb5 {[%emt 0:03:04]} axb5 {[%emt 0:00:25]} 28. Nxf6+ {[%emt 0:01:21]} Bxf6 {[%emt 0:00:01]} 29. Bb3 {[%emt 0:01:12]} Rd8 {[%emt 0:02:04]} 30. Qe4 {[%emt 0:03:03]} Rb6 {[%emt 0:01:32]} 31. g3 {[%emt 0:00:18]} h6 {[%emt 0:00:28]} 32. Kg2 {[%emt 0:00:21]} Be7 {[%emt 0:00:46]} 33. Rf3 {[%emt 0:01:14]} Bf6 {[%emt 0:00:48]} 34. h4 {[%emt 0:01:19]} Qa8 {[%emt 0:00:30]} 35. Rd5 {[%emt 0:06:02]} Qa1 {[%emt 0:00:40]} 36. Rc3 {[%emt 0:00:24]} Qa7 {[%emt 0:01:31]} 37. Kh3 {[%emt 0:01:07]} Ra6 {[%emt 0:00:42]} 38. Kg2 {[%emt 0:04:46]} Rb6 {[%emt 0:00:07]} 39. Rd1 {[%emt 0:02:26]} Qb7 {[%emt 0:01:08]} 40. Bd5 {[%emt 0:00:00]} Qa7 {[%emt 0:00:00]} 41. Ra3 {[%emt 0:07:05]} Ra6 {[%emt 0:01:36]} 42. Rda1 {[%emt 0:00:29]} Rxa3 {[%emt 0:00:24]} 43. Rxa3 {[%emt 0:00:04]} Qb6 {[%emt 0:06:56]} 44. Qe3 {[%emt 0:01:44]} Qc5 {[%emt 0:05:22]} 45. Qe4 {[%emt 0:04:50]} Qb6 {[%emt 0:00:45]} 46. Rc3 {[%emt 0:00:51]} Qa5 {[%emt 0:05:55]} 47. b4 {[%emt 0:01:24]} Qa7 {[%emt 0:00:56]} 48. Qe3 {[%emt 0:03:37]} Qd7 {[%emt 0:00:59]} 49. Qe4 {[%emt 0:01:39]} Qa7 {[%emt 0:03:15]} 50. Rc6 {[%emt 0:00:30]} Be7 {[%emt 0:02:37]} 51. Qd3 {[%emt 0:00:57]} Qd7 {[%emt 0:01:02]} 52. Rb6 {[%emt 0:00:33]} Rc8 {[%emt 0:01:17]} 53. Rb7 {[%emt 0:01:55]} Rc7 {[%emt 0:00:48]} 54. Rxc7 {[%emt 0:00:15]} Qxc7 {[%emt 0:00:01]} 55. Qxb5 {[%emt 0:00:07]} Kf8 {[%emt 0:01:29]} 56. c4 {[%emt 0:00:51]} g6 {[%emt 0:00:02]} 57. fxg6 {[%emt 0:00:16]} fxg6 {[%emt 0:00:02]} 58. Qa4 {[%emt 0:00:33]} Kg7 {[%emt 0:00:33]} 59. Qe8 {[%emt 0:00:19]} Bf8 {[%emt 0:00:20]} 60. Qe6 {[%emt 0:00:22]} Qe7 {[%emt 0:00:06]} 61. Qg8+ {[%emt 0:01:28]} Kf6 {[%emt 0:00:03]} 62. b5 {[%emt 0:00:13]} e4 {[%emt 0:00:37]} 63. b6 {[%emt 0:00:21]} e3 {[%emt 0:00:06]} 64. fxe3 {[%emt 0:00:05]} Qxe3 {[%emt 0:00:12]} 65. Qxf8+ {[%emt 0:00:07]} 1-0

[Event "2. AUT Bundesliga 2020-21"]
[Site "Graz"]
[Date "2021.03.13"]
[Round "2.15"]
[White "Meyer, Gordon"]
[Black "Postl, Anton"]
[Result "1/2-1/2"]
[WhiteElo "2216"]
[BlackElo "2290"]
[Annotator "ChessBase"]
[PlyCount "72"]
[EventDate "2021.01.17"]
[EventType "team-tourn"]
[EventCountry "AUT"]
[SourceTitle "playchess.com"]
[Source "ChessBase"]
[SourceQuality "1"]
[TimeControl "40/5400+30:1800+30"]

1. e4 {[%emt 0:00:00]} c5 {[%emt 0:00:00]} 2. Nf3 {[%emt 0:00:00]} d6 {[%emt 0:00:03]} 3. d4 {[%emt 0:00:04]} cxd4 {[%emt 0:00:13]} 4. Nxd4 {[%emt 0:00:05]} Nf6 {[%emt 0:00:19]} 5. Nc3 {[%emt 0:00:09]} a6 {[%emt 0:00:22]} 6. Bg5 {[%emt 0:00:35]} Nbd7 {[%emt 0:00:38]} 7. Qd2 {[%emt 0:07:16]} e6 {[%emt 0:04:22]} 8. O-O-O {[%emt 0:01:18]} b5 {[%emt 0:05:58]} 9. f3 {[%emt 0:03:40]} Bb7 {[%emt 0:03:42]} 10. h4 {[%emt 0:07:28]} b4 {[%emt 0:04:33]} 11. Nce2 {[%emt 0:04:44]} Qa5 {[%emt 0:06:56]} 12. Kb1 {[%emt 0:03:13]} d5 {[%emt 0:04:01]} 13. Nb3 {[%emt 0:09:29]} Qc7 {[%emt 0:02:42]} 14. exd5 {[%emt 0:06:04]} Nxd5 {[%emt 0:06:14]} 15. Nf4 {[%emt 0:10:19]} Bd6 {[%emt 0:03:56]} 16. Nxd5 {[%emt 0:00:49]} Bxd5 {[%emt 0:01:45]} 17. c4 {[%emt 0:03:38]} bxc3 {[%emt 0:02:49]} 18. Qxc3 {[%emt 0:00:44]} Qxc3 {[%emt 0:08:37]} 19. bxc3 {[%emt 0:00:05]} Be5 {[%emt 0:00:18]} 20. c4 {[%emt 0:01:29]} Bc6 {[%emt 0:00:35]} 21. Be3 {[%emt 0:02:16]} Ke7 {[%emt 0:05:49]} 22. Be2 {[%emt 0:05:37]} Rhc8 {[%emt 0:02:09]} 23. Bd4 {[%emt 0:03:11]} Ba4 {[%emt 0:04:31]} 24. Bxe5 {[%emt 0:01:00]} Nxe5 {[%emt 0:00:49]} 25. Rc1 {[%emt 0:00:24]} Rab8 {[%emt 0:00:57]} 26. Rc3 {[%emt 0:00:51]} Nd7 {[%emt 0:06:49]} 27. Kb2 {[%emt 0:02:08]} Nc5 {[%emt 0:01:09]} 28. Ka3 {[%emt 0:00:32]} Bxb3 {[%emt 0:00:46]} 29. axb3 {[%emt 0:00:11]} a5 {[%emt 0:00:34]} 30. g4 {[%emt 0:12:03]} Rb4 {[%emt 0:02:32]} 31. Bd1 {[%emt 0:01:21]} Rd8 {[%emt 0:00:54]} 32. Bc2 {[%emt 0:00:28]} h6 {[%emt 0:01:48]} 33. Rd1 {[%emt 0:03:53]} Rxd1 {[%emt 0:09:45]} 34. Bxd1 {[%emt 0:00:04]} g5 {[%emt 0:00:13]} 35. hxg5 {[%emt 0:00:05]} hxg5 {[%emt 0:00:09]} 36. Re3 {[%emt 0:00:51]} Kd6 {[%emt 0:05:11]} 1/2-1/2

[Event "2. AUT Bundesliga 2020-21"]
[Site "Graz"]
[Date "2021.03.13"]
[Round "2.16"]
[White "Marakovits, Nico"]
[Black "Wiesinger, Robert"]
[Result "1/2-1/2"]
[WhiteElo "2214"]
[BlackElo "2239"]
[Annotator "TA"]
[PlyCount "33"]
[EventDate "2021.01.17"]
[EventType "team-tourn"]
[EventCountry "AUT"]
[SourceTitle "playchess.com"]
[Source "ChessBase"]
[SourceQuality "1"]

{[%evp 31,33,0,43,0]} 1. e4 e5 2. Nf3 Nc6 3. Bb5 a6 4. Ba4 Nf6 5. O-O Be7 6. Re1 b5 7. Bb3 d6 8. c3 O-O 9. h3 Re8 10. Ng5 Rf8 11. Nf3 Bb7 12. d4 Re8 {[#]} 13. Ng5 $146 ({Predecessor:} 13. a4 Bf8 14. Bg5 h6 15. Bxf6 Qxf6 16. Bd5 Reb8 17. Na3 Ne7 18. Bxb7 Rxb7 19. axb5 axb5 20. Nc2 Rbb8 21. Ne3 Qe6 22. Rxa8 Rxa8 23. Qd3 c6 {0-1 (53) Shirov,A (2662)-Fedoseev,V (2687) Chess.com INT 2021}) 13... Rf8 14. Nf3 Re8 15. Ng5 Rf8 16. Nf3 Re8 17. Ng5 {An uneventful encounter. 17.Qe2 is the modern continuation. C92: Closed Ruy Lopez: 9...Be6, Karpov and Flohr-Zaitsev Variations.} 1/2-1/2

[Event "2. AUT Bundesliga 2020-21"]
[Site "Graz"]
[Date "2021.03.13"]
[Round "2.17"]
[White "Raber, Florian"]
[Black "Stradner, Stefan"]
[Result "1-0"]
[WhiteElo "2128"]
[BlackElo "2124"]
[Annotator "NA"]
[PlyCount "93"]
[EventDate "2021.01.17"]
[EventType "team-tourn"]
[EventCountry "AUT"]
[SourceTitle "playchess.com"]
[Source "ChessBase"]
[SourceQuality "1"]
[TimeControl "40/5400+30:1800+30"]

1. d4 {[%emt 0:00:00]} Nf6 {[%emt 0:00:00]} 2. c4 {[%emt 0:00:00]} c5 {[%emt 0:00:00]} 3. d5 {[%emt 0:00:00]} b5 {[%emt 0:00:29]} 4. cxb5 {[%emt 0:00:00]} a6 {[%emt 0:00:10]} 5. b6 {[%emt 0:00:00]} d6 {[%emt 0:01:30]} 6. Nc3 {[%emt 0:00:05]} Nbd7 {[%emt 0:00:08]} 7. e4 {[%emt 0:00:24]} Rb8 {[%emt 0:00:37]} 8. Nf3 {[%emt 0:03:58]} g6 {[%emt 0:03:04]} 9. Be2 {[%emt 0:00:07]} Bg7 {[%emt 0:00:43]} 10. O-O {[%emt 0:01:29]} Rxb6 {[%emt 0:00:51]} 11. Nd2 {[%emt 0:02:04]} O-O {[%emt 0:15:34]} 12. a4 {[%emt 0:00:08]} Rb4 {[%emt 0:06:09]} 13. a5 {[%emt 0:02:53]} e6 {[%emt 0:22:04]} 14. dxe6 {[%emt 0:20:23]} fxe6 {[%emt 0:00:19]} 15. Nc4 {[%emt 0:00:35]} Ne5 {[%emt 0:16:06]} (15... Ne8 $1 $14) 16. Nxe5 {[%emt 0:21:03]} ({Wrong is} 16. Nxd6 $2 Rd4 $19 {[%mdl 64] Double Attack}) 16... dxe5 {[%emt 0:00:25]} 17. Qc2 {[%emt 0:01:12]} Bb7 {[%emt 0:04:26]} 18. f3 $18 {[%emt 0:09:47]} Qc7 {[%emt 0:06:44]} 19. Be3 {[%emt 0:00:37]} Rb8 {[%emt 0:02:01]} 20. Na2 {[%emt 0:06:02]} Bxe4 {[%emt 0:03:23]} 21. fxe4 {[%emt 0:11:08]} Rxb2 {[%emt 0:00:09]} 22. Qc4 {[%emt 0:00:11]} Nxe4 {[%emt 0:02:38]} 23. Qxe4 {[%emt 0:07:00]} Rxe2 {[%emt 0:00:06]} 24. Nc3 {[%emt 0:00:52]} Reb2 {[%emt 0:01:22]} 25. Rab1 {[%emt 0:03:17]} Rxb1 {[%emt 0:00:55]} 26. Rxb1 {[%emt 0:00:13]} Rxb1+ {[%emt 0:00:20]} 27. Qxb1 {[%emt 0:01:15]} Qxa5 {[%emt 0:00:21]} 28. Qb8+ {[%emt 0:00:23]} Kf7 {[%emt 0:00:05]} 29. Qa7+ {[%emt 0:01:06]} Kg8 {[%emt 0:01:16]} 30. Qb8+ {[%emt 0:00:20]} Kf7 {[%emt 0:00:10]} 31. Qa7+ {[%emt 0:00:01]} Kg8 {[%emt 0:00:06]} 32. Qxc5 {[%emt 0:00:10]} Qa1+ {[%emt 0:05:36]} 33. Kf2 {[%emt 0:00:02]} Qb2+ {[%emt 0:00:06]} 34. Kf3 {[%emt 0:00:51]} Qb7+ {[%emt 0:00:28]} 35. Ne4 {[%emt 0:00:51]} Qf7+ {[%emt 0:01:16]} 36. Ke2 {[%emt 0:00:11]} Qf5 {[%emt 0:00:33]} 37. Qc8+ {[%emt 0:03:01]} Bf8 {[%emt 0:00:06]} 38. Ng5 {[%emt 0:03:24]} Qg4+ {[%emt 0:00:15]} 39. Kf2 {[%emt 0:00:13]} Qf5+ {[%emt 0:00:26]} 40. Kg3 {[%emt 0:00:00]} a5 {[%emt 0:00:00]} 41. Nxe6 {[%emt 0:15:03]} h5 {[%emt 0:03:25]} 42. Qxf8+ {[%emt 0:00:16]} Qxf8 {[%emt 0:00:07]} 43. Nxf8 {[%emt 0:00:04]} Kxf8 {[%emt 0:00:11]} 44. Kf3 {[%emt 0:00:14]} Kf7 {[%emt 0:00:12]} 45. Ke4 {[%emt 0:00:10]} Ke6 {[%emt 0:00:09]} 46. Bd2 {[%emt 0:00:12]} a4 {[%emt 0:00:06]} 47. Bc3 {[%emt 0:00:10]} 1-0

[Event "2. AUT Bundesliga 2020-21"]
[Site "Graz"]
[Date "2021.03.13"]
[Round "2.18"]
[White "Eibinger, Manuel"]
[Black "Ring, Rudolf"]
[Result "1/2-1/2"]
[WhiteElo "2019"]
[BlackElo "1737"]
[Annotator "NA"]
[PlyCount "64"]
[EventDate "2021.01.17"]
[EventType "team-tourn"]
[EventCountry "AUT"]
[SourceTitle "playchess.com"]
[Source "ChessBase"]
[SourceQuality "1"]
[TimeControl "40/5400+30:1800+30"]

1. c4 {[%emt 0:00:00]} e5 {[%emt 0:00:00]} 2. g3 {[%emt 0:00:00]} Nf6 {[%emt 0:02:36]} 3. Bg2 {[%emt 0:00:00]} c6 {[%emt 0:00:22]} 4. Nc3 {[%emt 0:01:35]} Be7 {[%emt 0:08:22]} 5. d4 {[%emt 0:03:29]} exd4 {[%emt 0:00:18]} 6. Qxd4 {[%emt 0:00:09]} Qb6 {[%emt 0:02:22]} 7. Qxb6 {[%emt 0:02:51]} axb6 {[%emt 0:00:11]} 8. Be3 {[%emt 0:00:46]} Bc5 {[%emt 0:01:23]} 9. Bd2 {[%emt 0:02:21]} Ng4 {[%emt 0:03:31]} 10. Ne4 {[%emt 0:09:26]} Na6 {[%emt 0:07:11]} 11. Rc1 {[%emt 0:09:36]} f6 {[%emt 0:07:33]} 12. a3 {[%emt 0:06:38]} f5 {[%emt 0:05:01]} 13. Nxc5 {[%emt 0:00:20]} Nxc5 {[%emt 0:00:17]} 14. Bc3 {[%emt 0:00:37]} O-O {[%emt 0:02:12]} 15. Nh3 {[%emt 0:03:11]} Re8 {[%emt 0:04:12]} 16. Rd1 {[%emt 0:05:40]} Ne4 {[%emt 0:03:35]} 17. Bxe4 {[%emt 0:01:20]} fxe4 {[%emt 0:00:26]} 18. O-O {[%emt 0:03:38]} Ra4 {[%emt 0:00:31]} 19. Rd4 {[%emt 0:00:13]} c5 {[%emt 0:01:00]} ({Better is} 19... Nh6 $14) 20. Rd6 {[%emt 0:00:18]} Rxc4 {[%emt 0:01:16]} 21. Nf4 $16 {[%emt 0:03:29]} Nf6 {[%emt 0:25:50]} 22. Bxf6 {[%emt 0:02:23]} gxf6 {[%emt 0:00:02]} 23. Nd5 {[%emt 0:03:43]} Kg7 {[%emt 0:02:03]} 24. Nxb6 {[%emt 0:08:28]} Rc2 {[%emt 0:00:13]} 25. Nxc8 {[%emt 0:00:19]} Rxc8 {[%emt 0:00:20]} 26. Rxd7+ {[%emt 0:00:06]} Kg6 {[%emt 0:00:09]} 27. Rxb7 {[%emt 0:00:06]} Rxe2 {[%emt 0:00:12]} 28. Rc1 {[%emt 0:00:09]} Rd8 {[%emt 0:00:47]} 29. Rb3 {[%emt 0:12:41]} Rdd2 {[%emt 0:00:44]} 30. Rxc5 {[%emt 0:04:01]} Re1+ 31. Kg2 e3 32. Kf3 exf2 1/2-1/2

[Event "2. AUT Bundesliga 2020-21"]
[Site "Graz"]
[Date "2021.03.14"]
[Round "3.1"]
[White "Kuba, Guenter"]
[Black "Dietmayer-Kraeutler, Marco"]
[Result "1/2-1/2"]
[WhiteElo "2348"]
[BlackElo "2284"]
[Annotator "TA"]
[PlyCount "38"]
[EventDate "2021.01.17"]
[EventType "team-tourn"]
[EventCountry "AUT"]
[SourceTitle "playchess.com"]
[Source "ChessBase"]
[SourceQuality "1"]

{[%evp 13,38,21,35,8,20,15,13,7,7,7,20,22,47,48,53,58,57,52,54,54,56,52,60,0,59,0,59]} 1. e4 e5 2. Nf3 Nc6 3. Bc4 Bc5 4. O-O Nf6 5. d3 d6 6. a4 O-O 7. c3 a5 8. h3 {C54: Giuoco Piano: 4 c3 Nf6, main lines with 5 d4 and 5 d3.} Be6 9. Bxe6 fxe6 {[#]} 10. Be3 $146 ({Predecessor:} 10. Nbd2 Qe8 11. Nc4 Qg6 12. Be3 Bxe3 13. Nxe3 Nh5 14. Nh4 Qg5 15. Nf3 Qg6 16. Nh4 {0-1 (49) Malakhov,V (2722)-Ding,L (2781) Danzhou 2017}) 10... Bxe3 11. fxe3 d5 12. Nbd2 dxe4 13. Nxe4 Nxe4 14. dxe4 Qxd1 15. Raxd1 Rad8 16. Kf2 Kf7 17. Ke2 Ke7 18. Kf2 Kf7 19. Ke2 Ke7 $1 {Weighted Error Value: White=0.19/Black=0.05} 1/2-1/2